| 000 | 00394nam a2200145 a 4500 | ||
|---|---|---|---|
| 001 | 000033766 | ||
| 005 | 20200930070513.0 | ||
| 008 | 110908s1922 sp 000 0 spa d | ||
| 040 |
_aDO-SdBNP _bspa _cBNPHU |
||
| 082 |
_axxx _bL864h |
||
| 100 | 1 |
_aLópez de Gómara, Francisco _959185 |
|
| 245 | 1 | 0 | _aHistoria general de las indias. |
| 260 |
_aMadrid : _bCalpe, _c1922. |
||
| 300 |
_a1 t. ; _c19 cm. |
||
| 999 |
_c33257 _d33257 |
||